Riešenie problému nezamestnanosti vo vybraných krajinách bakalárska práca

Gespeichert in:
Bibliographische Detailangaben
1. Verfasser: Wolfová, Monika
Körperschaft: Národohospodárska fakulta EU. Katedra sociálneho rozvoja a práce
Weitere Verfasser: Rievajová, Eva
Format: Buch
Sprache:Slowakisch
Veröffentlicht: Bratislava 2015
Tags: Tag hinzufügen
Keine Tags, Fügen Sie das erste Tag hinzu!

MARC

LEADER 00000nbm a2200000 4500
001 0204888
005 20161212094750.6
041 0 |a slo 
044 |a SK 
245 1 0 |a Riešenie problému nezamestnanosti vo vybraných krajinách  |b bakalárska práca  |c Monika Wolfová ; školiteľ: Eva Rievajová 
264 1 |a Bratislava  |c 2015 
300 |a 63 s. 
100 1 |a Wolfová, Monika 
700 1 |a Rievajová, Eva 
710 2 |a Národohospodárska fakulta EU. Katedra sociálneho rozvoja a práce